| 000 | 00618nam a2200229Ia 4500 | ||
|---|---|---|---|
| 003 | OSt | ||
| 005 | 20221007070843.0 | ||
| 006 | a|||||r|||| 00| 0 | ||
| 007 | ta | ||
| 008 | 221006b |||||||| |||| 00| 0 eng d | ||
| 024 | _a10,386 | ||
| 037 | _cTextual | ||
| 040 |
_aFLL _cFLL _beng |
||
| 041 |
_2eng _aeng |
||
| 082 | _aD2:Z236qN54, M0 | ||
| 100 |
_aJain Paras S. Au. _9687840 |
||
| 245 | 0 | _aRajasthan irrrigation manual | |
| 260 |
_aJaipur _bBafna book depot India _c1980 |
||
| 300 |
_a95p _ccm. |
||
| 942 |
_hD2:Z236qN54, M0 _cTEXL _2CC |
||
| 999 |
_c1141739 _d1141739 |
||